NBA Rosters 2017-18 - Statistics

General Stats
  • This quiz has been taken 470 times
  • The average score is 212 of 446
Answer Stats
Team Players % Correct
Joel Embiid
96%
Klay Thompson
92%
LeBron James
92%
Philadelphia 76ers Ben Simmons
91%
Giannis Antetokounmpo
91%
Tristan Thompson
91%
Kyrie Irving
90%
Danny Green
89%
Dallas Mavericks Dennis Smith Jr.
89%
Draymond Green
89%
Gerald Green
89%
Ish Smith
89%
JaMychal Green
89%
Jeff Green
89%
J.R. Smith
89%
Anthony Davis
88%
Deyonta Davis
88%
Dorian Finney-Smith
88%
Ed Davis
88%
Jason Smith
88%
Jaylen Brown
88%
Sterling Brown
88%
Jayson Tatum
87%
Seth Curry
87%
Stephen Curry
87%
Amir Johnson
84%
Dakari Johnson
84%
Devin Booker
84%
James Johnson
84%
Joe Johnson
84%
Jonathan Simmons
84%
Omari Johnson
84%
Stanley Johnson
84%
Trevor Booker
84%
Miami Heat Tyler Johnson
84%
Wesley Johnson
84%
Charlotte Hornets Michael Carter-Williams
83%
Russell Westbrook
83%
Alan Williams
82%
Blake Griffin
82%
Chris Paul
82%
C.J. Williams
82%
Devin Harris
82%
Gary Harris
82%
James Harden
82%
Joe Harris
82%
John Wall
82%
Kevin Durant
82%
Lou Williams
82%
Marc Gasol
82%
Marvin Williams
82%
Pau Gasol
82%
Paul George
82%
Rudy Gobert
82%
Tobias Harris
82%
Tony Parker
82%
Troy Williams
82%
Al Horford
81%
Brandon Paul
81%
Brook Lopez
81%
Portland Trail Blazers Damian Lillard
81%
Dwayne Wade
81%
Jabari Parker
81%
Jarrett Jack
81%
Kemba Walker
81%
Kevin Love
81%
Khris Middleton
81%
Robin Lopez
81%
Dejounte Murray
80%
Derrick White
80%
Denver Nuggets Jamal Murray
80%
Jimmy Butler
80%
Toronto Raptors Kyle Lowry
80%
Lonzo Ball
80%
Nikola Jokic
80%
Okaro White
80%
Bradley Beal
79%
Dirk Nowitzki
79%
Donovan Mitchell
79%
Josh Jackson
79%
Jrue Holiday
79%
Justin Holiday
79%
Karl-Anthony Towns
79%
Reggie Jackson
79%
Aaron Gordon
78%
Houston Rockets Aaron Jackson
78%
Carmelo Anthony
78%
DeMar DeRozan
78%
Eric Gordon
78%
Frank Jackson
78%
Isaiah Thomas
78%
Justin Jackson
78%
Kawhi Leonard
78%
DeAndre Jordan
77%
Lance Thomas
77%
Mike Conley
77%
C.J. McCollum
75%
D'Angelo Russell
75%
Derrick Rose
75%
Meyers Leonard
75%
De'Aaron Fox
74%
Gordon Hayward
74%
Kristaps Porzingis
74%
Thaddeus Young
74%
Zach LaVine
74%
Joe Young
73%
Nick Young
73%
Andre Ingram
72%
Brandon Ingram
72%
Dwight Howard
72%
Jarrett Allen
72%
J.J. Redick
72%
Steven Adams
72%
Victor Oladipo
72%
Clint Capela
71%
DeMarcus Cousins
71%
Markelle Fultz
71%
Andre Drummond
70%
Andrew Wiggins
69%
Damion Jones
69%
Evan Turner
69%
Cleveland Cavaliers George Hill
69%
Myles Turner
69%
Nikola Vucevic
69%
Solomon Hill
69%
Tyus Jones
69%
Eric Bledsoe
68%
Hassan Whiteside
67%
Jonas Valanciunas
67%
Julius Randle
67%
Harrison Barnes
66%
Jusuf Nurkic
66%
Otto Porter
66%
Domantas Sabonis
65%
Goran Dragic
65%
Jaylen Morris
65%
Marcus Morris
65%
Markieff Morris
65%
San Antonio Spurs Patty Mills
65%
Ricky Rubio
65%
Vince Carter
65%
Ian Clark
64%
Marcus Smart
64%
Robert Covington
64%
Dennis Schroder
63%
Kyle Korver
63%
New Orleans Pelicans Rajon Rondo
63%
Joe Ingles
62%
Kyle Anderson
62%
Manu Ginobili
62%
Ryan Anderson
62%
Serge Ibaka
62%
Bojan Bogdanovic
61%
Jordan Clarkson
61%
Justin Anderson
61%
LaMarcus Aldridge
61%
Pascal Siakam
61%
Terry Rozier
61%
Zaza Pachulia
61%
John Collins
60%
Lauri Markkanen
60%
Paul Millsap
60%
Zach Collins
60%
Malcolm Brogdon
59%
Marcin Gortat
59%
Minnesota Timberwolves Jeff Teague
58%
Andre Iguodala
57%
Buddy Hield
57%
Dario Saric
57%
Enes Kanter
57%
Fred VanVleet
57%
Javale McGee
57%
Jerami Grant
57%
Jerian Grant
57%
Kyle Kuzma
57%
Tyson Chandler
57%
Wilson Chandler
57%
Elfrid Payton
56%
P.J. Tucker
56%
Zach Randolph
56%
Kentavious Caldwell-Pope
55%
Nicolas Batum
55%
Cody Zeller
54%
Derrick Favors
54%
Dwight Powell
54%
Michael Kidd-Gilchrist
54%
Norman Powell
54%
Rondae Hollis-Jefferson
54%
Tyler Zeller
54%
Evan Fournier
53%
Chicago Bulls Kris Dunn
53%
Trevor Ariza
53%
Bogdan Bogdanovic
52%
Courtney Lee
52%
Damion Lee
52%
Jae Crowder
52%
Patrick Beverley
52%
T.J. McConnell
52%
Avery Bradley
51%
Jeremy Lin
51%
Tim Hardaway
51%
Tony Bradley
51%
Wesley Matthews
51%
Andre Roberson
50%
Gorgui Dieng
50%
Josh Richardson
50%
Malachi Richardson
50%
Mason Plumlee
50%
Miles Plumlee
50%
Al Jefferson
49%
Bam Adebayo
49%
Bobby Portis
49%
Josh Hart
49%
Larry Nance Jr.
49%
Richard Jefferson
49%
Emeka Okafor
48%
Jahlil Okafor
48%
Rodney Hood
48%
Brooklyn Nets Spencer Dinwiddie
48%
Glenn Robinson III
47%
Shaun Livingston
47%
Danilo Gallinari
46%
Indiana Pacers Darren Collison
46%
Greg Monroe
46%
Boston Celtics Jonathan Gibson
46%
Kevon Looney
46%
Taj Gibson
46%
Joakim Noah
45%
Rudy Gay
45%
Thon Maker
45%
Alex Len
44%
Aron Baynes
44%
Ivica Zubac
44%
Kent Bazemore
44%
Matthew Dellavedova
44%
Nick Collison
44%
Willie Cauley-Stein
44%
Aaron Brooks
43%
Al-Farouq Aminu
43%
Caris LeVert
43%
Dillion Brooks
43%
J.J. Barea
43%
Jonathan Isaac
43%
MarShon Brooks
43%
Nene
43%
Cedi Osman
42%
Kelly Oubre Jr.
42%
Nerlens Noel
42%
Terrence Ross
42%
D.J. Augustin
41%
Los Angeles Clippers Jawun Evans
41%
Luol Deng
41%
Tyreke Evans
41%
Ersan Ilyasova
40%
Jamal Crawford
40%
Jordan Crawford
40%
Austin Rivers
39%
Jeremy Lamb
39%
Jordan Bell
39%
Nikola Mirotic
39%
Taurean Prince
39%
Daniel Theis
38%
Dion Waiters
38%
Justice Winslow
38%
Kelly Olynyk
38%
Kenneth Faried
38%
Marco Belinelli
38%
Montrzel Harrell
38%
OG Anunoby
38%
Timofey Mozgov
38%
Malik Beasley
37%
Michael Beasley
37%
T.J. Warren
37%
Tony Snell
37%
DeMarre Carroll
36%
Iman Shumpert
36%
Lance Stephenson
36%
Golden State Warriors Quinn Cook
36%
Thomas Bryant
36%
Will Barton
35%
Boban Marjanovic
34%
Chandler Parsons
34%
Juan Hernangomez
34%
Malik Monk
34%
Willy Hernangomez
34%
John Henson
33%
New York Knicks Trey Burke
33%
Udonis Haslem
33%
Alec Burks
32%
Bradon Knight
32%
Darius Miller
32%
Denzel Valentine
32%
E'Twaun Moore
32%
Ante Zizic
31%
Cameron Payne
31%
Emmanuel Mudiay
31%
Jose Calderon
31%
Luke Kennard
31%
Maurice Harkless
31%
Andrew Harrison
30%
Dante Exum
30%
Dewayne Dedmon
30%
Doug McDermott
30%
Frank Ntilikina
30%
Jakob Poeltl
30%
Jarell Martin
30%
Patrick McCaw
30%
Richaun Holmes
30%
Bismack Biyombo
29%
Delon Wright
29%
Frank Kaminsky
29%
Furkan Korkmaz
29%
Maxi Kleber
29%
Channing Frye
28%
Cristiano Felicio
28%
Dragan Bender
28%
Jerryd Bayless
28%
Milos Teodosic
28%
Patrick Patterson
28%
Oklahoma City Thunder Raymond Felton
28%
Royce O'Neale
28%
Semi Ojeleye
28%
Phoenix Suns Shaquille Harrison
28%
Allen Crabbe
27%
C.J. Miles
27%
James Ennis
27%
Jason Terry
27%
Tomas Satoransky
27%
Los Angeles Lakers Tyler Ennis
27%
Cory Joseph
26%
Guerschon Yabusele
26%
Jared Dudley
26%
Kendrick Perkins
26%
Luc Mbah a Moute
26%
Marquese Chriss
26%
Pat Connaughton
26%
Reggie Bullock
26%
Milwaukee Bucks Brandon Jennings
25%
D.J. Wilson
25%
Dwayne Bacon
25%
Mike Muscala
25%
Terrance Ferguson
25%
Thabo Sefolosha
25%
Kyle O'Quinn
24%
Nemanja Bjelica
24%
Davis Bertans
23%
Kosta Koufos
23%
Raul Neto
23%
Tyler Ulis
23%
Wayne Ellington
23%
Trey Lyles
22%
Yogi Ferrell
22%
Dante Cunningham
21%
David Nwaba
21%
DeAndre' Bembry
21%
Detroit Pistons Jameer Nelson
21%
Memphis Grizzlies Mario Chalmers
21%
Mick Scott
21%
Shabazz Napier
21%
Shane Larkin
21%
Treveon Graham
21%
Alex Abrines
20%
Bryn Forbes
20%
Chieck Diallo
20%
Corey Brewer
20%
Ian Mahinmi
20%
Mario Hezonja
20%
Noah Vonleh
20%
Omer Asik
20%
Rodney McGruder
20%
Tarik Black
20%
Troy Daniels
20%
Ben McLemore
19%
Salah Mejri
19%
Garrett Temple
18%
Jonas Jerebko
18%
Marcus Georges-Hunt
18%
Nik Stauskas
18%
Skal Labissiere
18%
T.J. Leaf
18%
Ty Lawson
18%
Nigel Hayes
17%
Abdel Nader
16%
Anthony Tolliver
16%
Davon Reed
16%
Harry Giles
16%
Jack Layman
16%
Paul Zipser
16%
Ron Baker
16%
Alexis Ajinca
15%
Jone Leuer
15%
Timothe Luwawu-Cabarrot
15%
Zhou Qi
15%
Langston Galloway
14%
Orlando Magic Shelvin Mack
14%
Isaiah Whitehead
13%
Khem Birch
13%
Sindarius Thornwell
13%
Tim Frazier
13%
Arron Afflalo
12%
Ekpe Udoh
12%
Sacramento Kings Frank Mason III
12%
Quincy Acy
12%
Bruno Caboclo
11%
Damyean Dotson
11%
Jodie Meeks
11%
Justin Patton
11%
Marreese Speights
11%
Sam Dekker
11%
Atlanta Hawks Isaiah Taylor
10%
Kyle Singler
10%
Luke Babbitt
10%
Washington Wizards Ramon Sessions
10%
Wade Baldwin
10%
Wesley Iwundu
10%
Alfonzo McKinnie
9%
Caleb Swanigan
9%
Georgios Papagiannis
9%
Joffrey Lauvergne
9%
Julyan Stone
9%
Shabazz Muhammad
9%
Tyler Dorsey
9%
Tyler Lydon
9%
Henry Ellenson
8%
Malcolm Delaney
8%
Sean Kilpatrick
8%
Darrell Arthur
7%
Chinanu Onuaku
6%
Cole Aldrich
6%
Utah Jazz David Stockton
6%
Jordan Mickey
6%
Josh Huestis
6%
DeAndre Liggins
5%
Ivan Rabb
5%
Lucas Noguiera
5%
Eric Moreland
4%
Alex Poythress
3%
Antonius Cleveland
2%
Kyle Collinsworth
2%
Travis Wear
2%
Tyler Cavanaugh
2%
Dwight Buycks
1%
Ike Anigbogu
1%
Rodney Purvis
1%
Wayne Seldon
1%
Chris McCollough
0%
No matching quizzes found
Score Distribution
Percent of People with Each Score
Percentile by Number Answered
Your Score History
You have not taken this quiz